Normal view
MARC view
- Asghar Muhammad Usman
Entry Personal Name
001 - CONTROL NUMBER
- control field: 124269
003 - CONTROL NUMBER IDENTIFIER
- control field: NUST
005 - DATE AND TIME OF LATEST TRANSACTION
- control field: 20240709145157.0
008 - FIXED-LENGTH DATA ELEMENTS
- fixed length control field: 240709|| aca||aabn | a|a d
040 ## - CATALOGING SOURCE
- Original cataloging agency: NUST
- Transcribing agency: NUST
100 ## - HEADING--PERSONAL NAME
- Personal name: Asghar Muhammad Usman
670 ## - SOURCE DATA FOUND
- Source citation: Work cat.: (NUST): Asghar Muhammad Usman, Study of Religious Extremism in Pakistan: A Critical Discourse Analysis of Religious Speech Acts (Fatawa)/
